000 00494nam a2200181Ia 4500
001 18055
005 20260306171602.0
008 260306s9999||||xx |||||||||||||| ||und||
041 _aESP
082 _a658.4
_bH21
100 _aHanzhang, Tao
_eAUT
245 0 _aEl arte de la guerra de Sun Tzu:
_bsabiduría oriental para guiarle ante los problemas de la vida diaria
260 _c2008
300 _a152 páginas :
_c23 cm.
650 _aGEN
654 _aCAN
942 _cLIB
_dJUS
_fJUS
_2ddc
_n
999 _c18055
_d18055